000 00521nam a2200121Ia 4500
008 171212s9999 xx 000 0 und d
100 _aPatteson, Thomas
245 _cPatteson, Thomas
_aInstruments for New Music
_bSound, Technology, and Modernism
260 _bUniversity of California Press
_c2016
650 _aMusic
650 _aMusical instruments; Music and technology -- History; Electronic musical instruments -- History; Music -- Philosophy and aesthetics
856 _uhttp://jstor.org/stable/10.1525/j.ctt1ffjn9k
999 _c352972
_d352972